00454nam a22001577a 450000500170000001000150001702000270003203500140005903700130007308200080008610000210009424500340011526000250014927001010017430000210027520200923160513.0 aENG-128471 c1285.00a9789389604900 aEN-112003 bDBAD/PUB a881 aGass, Marshall E aMaelstromcby Marshall E Gass aChennaibBUUKSc2020 aJVL Plaza, 4th Floor, 501, Anna Salai Teynampet,bChennaie600 018k044-4992727mhello@buuks.com a779p.c25cm(pbk)